Gruntys Game Quiz 9 - Statistiken

Allgemein
  • Dieses Quiz wurde 19 mal gespielt
  • Das Durchschnittsergebnis liegt bei 14 aus 24
Antwortstatistiken
Hint Antwort % Korrekt
Super Mario Galaxy 2
100%
Portal 2
100%
Cookie Clicker
92%
I Am Bread
92%
Sonic Frontiers
92%
South Park Snow Day!
85%
Teamfight Tactics
77%
Sonic Superstars
77%
Yandere Simulator
77%
Black Myth: Wukong
69%
Far Cry 3
69%
Warcraft 3: The Frozen Throne
69%
Pokemon Legends Arceus
69%
Ori and the Blind Forest
69%
South Park: The Stick of Truth
54%
Ni No Kuni: Wrath of the White Witch
46%
Peglin
31%
Wario Land 2
23%
Freedom Planet 2
15%
Final Fantasy 7 Rebirth
15%
South Park: The Fractured But Whole
15%
Time and Eternity
15%
Onirism
8%
Emberward
0%
Keine übereinstimmenden Quizze gefunden
Verteilung der Resultate
Anzahl Personen mit jedem Resultat
Perzentil nach korrekt beantworteten Fragen
Ihre Resultats-Entwicklung
Sie haben dieses Quiz noch nicht gespielt